Catálogo
 En Linea

Benjamín Jarnés, biografía y metaficción / (Registro nro. 6959)

Detalles MARC
000 -CABECERA
campo de control de longitud fija 00895cam a2200229 a 4500
001 - NÚMERO DE CONTROL
campo de control 000007178
005 - FECHA Y HORA DE LA ÚLTIMA TRANSACCIÓN
campo de control 20200929154104.0
008 - DATOS DE LONGITUD FIJA--INFORMACIÓN GENERAL
campo de control de longitud fija 900604s1989 sp b 001 0 spa
020 ## - NÚMERO INTERNACIONAL ESTÁNDAR DEL LIBRO
Número Internacional Estándar del Libro 8478200355
040 ## - FUENTE DE LA CATALOGACIÓN
Centro catalogador/agencia de origen DO-SdBNP
Lengua de catalogación spa
Centro/agencia transcriptor BNPHU
082 ## - NÚMERO DE LA CLASIFICACIÓN DECIMAL DEWEY
Número de clasificación 920
Número de documento/Ítem F954b
100 1# - ENTRADA PRINCIPAL--NOMBRE DE PERSONA
Nombre de persona Fuentes, Víctor,
Fechas asociadas al nombre 1933-
9 (RLIN) 19932
245 10 - MENCIÓN DE TÍTULO
Título Benjamín Jarnés, biografía y metaficción /
Mención de responsabilidad, etc. Víctor Fuentes.
260 ## - PUBLICACIÓN, DISTRIBUCIÓN, ETC.
Lugar de publicación, distribución, etc. Zaragoza, España :
Nombre del editor, distribuidor, etc. Institución Fernando el Católico,
Fecha de publicación, distribución, etc. 1989.
300 ## - DESCRIPCIÓN FÍSICA
Extensión 149 p. ;
Dimensiones 22 cm.
490 1# - MENCIÓN DE SERIE
Mención de serie Publicación de la Institución Fernando el Católico
Designación de volumen o secuencia 1193
500 ## - NOTA GENERAL
Nota general I centenario del nacimiento de Benjamín Jarnés.
504 ## - NOTA DE BIBLIOGRAFÍA, ETC.
Nota de bibliografía, etc. Bibliografía : p. 143-147
600 14 - PUNTO DE ACCESO ADICIONAL DE MATERIA--NOMBRE DE PERSONA
Nombre de persona JARNÉS, BENJAMÍN,
Fechas asociadas al nombre 1888-1950
Subdivisión general CRÍTICA E INTERPRTACIÓN
9 (RLIN) 19933
600 14 - PUNTO DE ACCESO ADICIONAL DE MATERIA--NOMBRE DE PERSONA
Nombre de persona JARNÉS, BENJAMÍN
Subdivisión general BIOGRAFÍA
9 (RLIN) 19934
830 #0 - PUNTO DE ACCESO ADICIONAL DE SERIE-TÍTULO UNIFORME
Título uniforme Publicación de la Institución Fernando el Católico ;
Designación de volumen o secuencia 1193
9 (RLIN) 14666
Existencias
Estado de retiro Estado de pérdida Restricciones de uso No para préstamo Código de colección Localización permanente Ubicación/localización actual Ubicación en estantería Fecha de adquisición Número de inventario Total de préstamos Signatura topográfica completa Código de barras Fecha visto por última vez Precio válido a partir de Tipo de ítem Koha Número de copia
      Excluido de préstamo Monografías: Libros y Folletos General General Depósito 05.09.2009 LF1   920 F954b 7178-10 25.06.2020 25.06.2020 No se presta  
  Extraviado   Excluido de préstamo Monografías: Libros y Folletos General General Extraviado 22.05.2017 LF1   920 F954b 7178-20 25.06.2020 25.06.2020 No se presta e. 0

Con tecnología Koha